載入...

Baarak(ബാരക്ക്): novel(നോവല്‍)/

書目詳細資料
主要作者: Gangadharan, T K(ഗംഗാധര൯, ടി കെ)
格式: Printed Book
出版: Kottayam: Sahithyapravarthaka Sahakaranasangham, 2012.
主題:
LEADER 00661 a2200145 4500
999 |c 86639  |d 86639 
020 |a 9789382654056 
082 |a M A3 GAN/B  |b Q2 
100 |a Gangadharan, T K(ഗംഗാധര൯, ടി കെ).  |9 49437 
245 |a Baarak(ബാരക്ക്):  |b novel(നോവല്‍)/  |c T K Gangadharan(ടി കെ ഗംഗാധര൯). 
260 |a Kottayam:  |b Sahithyapravarthaka Sahakaranasangham,  |c 2012. 
300 |a 135 p. 
650 |a Malayalam fiction.  |9 49590 
942 |c BK 
952 |0 0  |1 0  |4 0  |6 M_A3_GAN_B_Q2  |7 0  |8 MAL  |9 78978  |a MGUL  |b MGUL  |c GEN  |d 2016-04-01  |e Mathrubhumi Books Bill No 451 dated 03.03.2016  |g 95.00  |l 0  |o M A3 GAN/B Q2  |p 54571  |r 2016-06-23  |y BK